| 000 | 00707 a2200205 4500 | ||
|---|---|---|---|
| 999 |
_c5885 _d5885 |
||
| 010 | _aENG-86989 | ||
| 020 |
_a8175346161 _c250.00 |
||
| 035 | _aEN-70522 | ||
| 037 | _bDBAD / PUB | ||
| 082 | 1 | 4 | _a344.54032 |
| 245 | 1 |
_aLaw of domestic violence : _cedited by Indira Jaising [and] Monica Sakhrani _ba user's manual for women / |
|
| 250 | _a2nd ed | ||
| 260 |
_aDelhi _bUniversal Law Publishing _c2007 |
||
| 270 |
_aC-FF-1A, Dilkhush Industrial Estate, (Opp. Hans Cinema, Azadpur), G.T. Karnal Road, _bDelhi _e110 033 |
||
| 300 |
_aliv, 452p. _c21cm (pbk) |
||
| 500 | _aIncludes index | ||
| 700 | _a Indira Jaising | ||
| 700 | _aSakhrani, Monica | ||
| 942 |
_adpl _cEN _2ddc _h344.54032 _mLAW |
||